000 00521nam a2200169Ia 4500
008 090711s9999 xx 000 0 und d
082 _b51443
100 _aकर्णिक हेमंत
245 _aकसोटी प्रेमाSाी
260 _c1985
300 _a180
600 _aकर्णिक हेमंत
630 _aकसोटी प्रेमाSाी
700 _aकर्णिक हेमंत
730 _aकसोटी प्रेमाSाी
942 _cBOOK
999 _c301657
_d301657